Parcs del Garraf, Olèrdola i el Foix / guió i redacció: Gonçal Luna Gonçal Luna
ISBN:
84-9803-007-02
Descripción Física:
189 p. : il., col., fot., map. ; 23 cm
Colección:
Guies dels parcs ; 3
MARC
| LEADER | 00000nam a2200000Ia 4500 | ||
|---|---|---|---|
| 001 | 16808 | ||
| 008 | 160829s2004 xx 000 0 cat d | ||
| 020 | |a 84-9803-007-02 | ||
| 080 | |a C-2-369 | ||
| 100 | |a Luna, Gonçal |9 456 | ||
| 245 | |a Parcs del Garraf, Olèrdola i el Foix / guió i redacció: |b Gonçal Luna | ||
| 260 | |a [Barcelona] : |b Institut d'Edicions de la Diputació de Barcelona, |c 2004 | ||
| 300 | |a 189 p. : |b il., col., fot., map. ; |c 23 cm | ||
| 490 | |a Guies dels parcs ; 3 | ||
| 590 | |a Bibliografia. | ||
| 590 | |a Índex | ||
| 610 | 2 | 0 | |a Parc d'Olèrdola (Catalunya) |v Guies |9 52941 |
| 610 | 0 | |a Parc del Foix (Catalunya) |v Guies |9 7314 | |
| 610 | 1 | 0 | |a Parc del Garraf (Catalunya) |v Guies |9 52677 |
| 901 | |a Arxiu | ||
| 942 | |n 1 | ||
| 952 | |0 0 |1 0 |4 0 |6 C2369 |7 1 |9 41515 |a Arxiu |b Arxiu |d 2016-12-01 |l 0 |o C-2-369 |p 16808 |r 2016-12-01 00:00:00 |w 2016-12-01 |y ARXIU | ||
| 999 | |c 43323 |d 43323 | ||